Процедуры испытаний измерительного программного обеспечения: автореферат диссертации на соискание ученой степени кандидата технических наук; спец. 05.11.13

গ্রন্থ-পঞ্জীর বিবরন
প্রধান লেখক: Злыгостева Г. В. Галина Витальевна
সংস্থা লেখক: Национальный исследовательский Томский политехнический университет (ТПУ)
অন্যান্য লেখক: Муравьев С. В. Сергей Васильевич (научный руководитель)
সংক্ষিপ্ত:Заглавие с титульного экрана
Электронная версия печатной публикации
ভাষা:রুশ
প্রকাশিত: Томск, 2012
বিষয়গুলি:
অনলাইন ব্যবহার করুন:http://www.lib.tpu.ru/fulltext/a/2012/57.pdf
বিন্যাস: বৈদ্যুতিক গ্রন্থ
KOHA link:https://koha.lib.tpu.ru/cgi-bin/koha/opac-detail.pl?biblionumber=225673

MARC

LEADER 00000nlm0a2200000 4500
001 225673
005 20240122132754.0
035 |a (RuTPU)RU\TPU\book\246028 
090 |a 225673 
100 |a 20121114d2012 k y0rusy50 ca 
101 0 |a rus 
102 |a RU 
105 |a a dm 000zy 
135 |a drcn ---uucaa 
181 0 |a i  
182 0 |a b 
200 1 |a Процедуры испытаний измерительного программного обеспечения  |e автореферат диссертации на соискание ученой степени кандидата технических наук  |e спец. 05.11.13  |f Г. В. Злыгостева  |g Национальный исследовательский Томский политехнический университет (ТПУ) ; науч. рук. С. В. Муравьев 
203 |a Текст  |c электронный 
210 |a Томск  |d 2012 
215 |a 1 файл (460 Kb) 
300 |a Заглавие с титульного экрана 
300 |a Электронная версия печатной публикации 
337 |a Adobe Reader 
452 1 |0 (RuTPU)RU\TPU\book\250155  |t Процедуры испытаний измерительного программного обеспечения  |o автореферат диссертации на соискание ученой степени кандидата технических наук  |o спец. 05.11.13  |f Г. В. Злыгостева  |g Национальный исследовательский Томский политехнический университет (ТПУ) ; науч. рук. С. В. Муравьев  |c Томск  |d 2012  |p 19 с.  |a Злыгостева, Галина Витальевна 
606 1 |a Программное обеспечение  |2 stltpush  |3 (RuTPU)RU\TPU\subj\67736  |9 83428 
610 1 |a электронный ресурс 
610 1 |a авторефераты диссертаций 
610 1 |a труды учёных ТПУ 
610 1 |a измерительное программное обеспечение 
610 1 |a нормативные документы 
610 1 |a требования 
610 1 |a анализ 
610 1 |a классификация 
610 1 |a испытания 
610 1 |a типовые программы 
610 1 |a разработка 
610 1 |a апробация 
610 1 |a измерения 
610 1 |a точность 
610 1 |a систематические погрешности 
675 |a 004.415(04)  |v 4 
686 |a 05.11.13  |2 oksvnk 
700 1 |a Злыгостева  |b Г. В.  |c российский ученый, специалист в области компьютерных измерительных систем  |c ассистент Томского политехнического университета  |f 1983-  |g Галина Витальевна  |3 (RuTPU)RU\TPU\pers\28615 
702 1 |a Муравьев  |b С. В.  |c специалист в области контрольно-измерительной техники  |c профессор Томского политехнического университета, доктор технических наук  |f 1954-  |g Сергей Васильевич  |3 (RuTPU)RU\TPU\pers\27989  |4 727  |9 12979 
712 0 2 |a Национальный исследовательский Томский политехнический университет (ТПУ)  |c (2009- )  |3 (RuTPU)RU\TPU\col\15902 
801 2 |a RU  |b 63413507  |c 20130131  |g RCR 
856 4 |u http://www.lib.tpu.ru/fulltext/a/2012/57.pdf 
942 |c CF